Statistics for Biggest Settlements In Devon, UK

Click here to take the quiz!

General Stats

  • This quiz has been taken 28 times
  • The average score is 9 of 15

Answer Stats

HintAnswer% Correct
256,384Plymouth
100%
117,773Exeter
95%
65,245Torquay
86%
24,033Barnstaple
77%
34,432Exmouth
68%
49,021Paignton
68%
13,737Sidmouth
59%
16,610Bideford
55%
13,161Dawlish
55%
24,029Newton Abbot
55%
21,335Tiverton
55%
16,693 (but going down massively)Brixham
50%
14,749Teignmouth
45%
12,280Tavistock
41%
12,062Northam
14%

Score Distribution

Percentile by Number Answered

Percent of People with Each Score

Your Score History

You have not taken this quiz